आराम विराम (Record no. 328223)

MARC details
000 -LEADER
fixed length control field 00475nam a2200157Ia 4500
008 - FIXED-LENGTH DATA ELEMENTS--GENERAL INFORMATION
fixed length control field 090711s9999 xx 000 0 und d
082 ## - DEWEY DECIMAL CLASSIFICATION NUMBER
Item number 17877
100 ## - MAIN ENTRY--PERSONAL NAME
Personal name आपटे ना. ह.
245 ## - TITLE STATEMENT
Title आराम विराम
260 ## - PUBLICATION, DISTRIBUTION, ETC. (IMPRINT)
Name of publisher, distributor, etc आपटे आणि मंडळी
Date of publication, distribution, etc 1949
600 ## - SUBJECT ADDED ENTRY--PERSONAL NAME
Personal name आपटे ना. ह.
630 ## - SUBJECT ADDED ENTRY--UNIFORM TITLE
Uniform title आराम विराम
700 ## - ADDED ENTRY--PERSONAL NAME
Personal name आपटे ना. ह.
730 ## - ADDED ENTRY--UNIFORM TITLE
Uniform title आराम विराम
942 ## - ADDED ENTRY ELEMENTS (KOHA)
Koha item type Book
Holdings
Withdrawn status Lost status Damaged status Not for loan Home library Current library Date acquired Cost, normal purchase price Total Checkouts Full call number Barcode Date last seen Cost, replacement price Price effective from Koha item type
        Dadar Sarvajanik Vachanalaya, Dardar Dadar Sarvajanik Vachanalaya, Dardar 07/11/2009 1.50   17877 DASAVA-17877 07/11/2009 1.50 07/11/2009 Book